000
00266nam a2200097Ia 4500
082
_a
331.01 DEBO
245
0
_a
The pleasures and sorrows of work
100
_a
DE BOTTON, Alain London, 2009
_9
65790
942
_c
BK
008
210817s9999 xx 000 0 und d
999
_c
210518
_d
210517